Vyhodnotenie tlakových účinkov pri výbuchu oblaku pár vybranej nebezpečnej látky v SLOVNAFT, a.s.

Na minha lista:
Detalhes bibliográficos
Autor principal: Víglaš, Ľuboš, 1970- (Author)
Outros Autores: Kmiťová, Jana, 1975- (Thesis advisor)
Formato: Manuscrito Livro
Idioma:eslovaco
Publicado em: Trnava : STU v Bratislave MTF UBEI, 2010
Assuntos:
Acesso em linha:VAIS
Tags: Adicionar Tag
Sem tags, seja o primeiro a adicionar uma tag!

MARC

LEADER 00000ntm a22000003a 4500
001 stu217852
005 20160719160354.3
008 101130s2010----xo------------------slo-d
040 |a STU  |b slo 
041 0 |a slo 
044 |a xo 
100 1 |a Víglaš, Ľuboš,  |d 1970-  |4 aut  |X 51838  |7 A000051838 
242 0 0 |a Evaluation of pressure effects of vapor cloud explosion of selected dangerous substance in SLOVNAFT, Plc.  |y eng 
245 1 |a Vyhodnotenie tlakových účinkov pri výbuchu oblaku pár vybranej nebezpečnej látky v SLOVNAFT, a.s. 
260 |a Trnava :  |b STU v Bratislave MTF UBEI,  |c 2010 
650 7 |a bezpečnosť a ochrana zdravia pri práci  |2 stusub 
650 7 |a Safety and Health Protection at Work  |2 estusub 
650 7 |a explosion  |2 estusub 
700 1 |a Kmiťová, Jana,  |d 1975-  |4 ths  |X 73805  |7 A000073805 
856 4 |a info a plný text  |u http://is.stuba.sk/zp/portal_zp.pl?podrobnosti=71444  |3 VAIS 
996 |c M*BP-4999  |l MMSKP  |s P  |a 0  |w stu217852_0001